| 000 | 01219nam0a22002411 4500 | ||
|---|---|---|---|
| 001 | rc\513581 | ||
| 005 | 20260407111623.0 | ||
| 035 | _a(NLR Aleph) 005753429 | ||
| 090 |
_a4864054 _c4864054 |
||
| 100 | _a20030616d1987 |||y0rusy50 ca | ||
| 101 | 0 | _arus | |
| 102 | _aRU | ||
| 105 | _ay ||||||||| | ||
| 200 | 1 |
_aМОДЕЛЬ учебно-педагогической деятельности преподавателя истории КПСС _eМетод. рекомендации в помощь преподавателям для орг. самоконтроля за качеством учеб. процесса _fГосагропром СССР, Белорус. ин-т механизации сел. хоз-ва. Каф истории КПСС _g[Сост. доц. Шаврук И.В. и др.] |
|
| 210 |
_aМинск _cБ. и. _d1987 |
||
| 215 |
_a17 с. _d20 |
||
| 702 | 1 |
_aШаврук _bИ.В. _gИван Валентинович _4220 |
|
| 712 | 0 | 2 |
_aБелорусский институт механизации сельского хозяйства _cМинск _3RU\NLR\AUTH\889939325 _9373519 |
| 801 | 0 |
_aRU _bNLR _gpsbo |
|
| 801 | 1 |
_aRU _bELAR _2rusmarc |
|
| 852 |
_aNLR _j88-4/12783 |
||
| 942 | _cBOOK | ||
| 980 | _aNB | ||